[Event "AUT-ch U16/18 Girls"]
[Site "Bad Ischl"]
[Date "2007.03.31"]
[Round "1"]
[White "Kainz, Andrea"]
[Black "Exler, Veronika"]
[Result "0-1"]
[WhiteElo "1585"]
[BlackElo "1899"]
[PlyCount "74"]
[EventDate "2007.03.31"]
[EventType "swiss"]
[EventRounds "7"]
[EventCountry "AUT"]
[SourceTitle "EXT 2008"]
[Source "ChessBase"]
[SourceDate "2007.11.25"]
[SourceVersion "1"]
[SourceVersionDate "2007.11.25"]
[SourceQuality "1"]

1. e4 c6 2. d4 d5 3. exd5 cxd5 4. Nc3 Nc6 5. Nf3 Bg4 6. Be2 e6 7. a3 Bd6 8. Be3 Nf6 9. 0-0 0-0 10. Re1 a6 11. Bg5 Bxf3 12. Bxf3 Qb6 13. Rb1 Qxd4 14. Bxf6 Qxf6 15. Ne2 Ne5 16. Nc3 Nxf3+ 17. Qxf3 Qxf3 18. gxf3 Rac8 19. Rbd1 b5 20. Re2 Rc4 21. Nb1 Rfc8 22. c3 Rh4 23. Red2 Rcc4 24. Rd4 Bxh2+ 25. Kf1 Rhxd4 26. Rxd4 Rxd4 27. cxd4 Bf4 28. Nc3 Bc1 29. Nd1 h5 30. Kg2 Kf8 31. Kg3 g5 32. Kh3 Ke7 33. Kg3 Kd6 34. Kh3 Kc7 35. Kg3 Kb6 36. Kg2 Ka5 37. Kh2 Ka4 0-1

[Event "AUT-ch U16/18 Girls"]
[Site "Bad Ischl"]
[Date "2007.03.31"]
[Round "2"]
[White "Steininger, Barbara"]
[Black "Kainz, Andrea"]
[Result "1/2-1/2"]
[WhiteElo "1501"]
[BlackElo "1585"]
[PlyCount "71"]
[EventDate "2007.03.31"]
[EventType "swiss"]
[EventRounds "7"]
[EventCountry "AUT"]
[SourceTitle "EXT 2008"]
[Source "ChessBase"]
[SourceDate "2007.11.25"]
[SourceVersion "1"]
[SourceVersionDate "2007.11.25"]
[SourceQuality "1"]

1. d4 d5 2. c4 e6 3. Nc3 c6 4. Nf3 Nf6 5. Bg5 Nbd7 6. e3 Qa5 7. Nd2 dxc4 8. Bxf6 Nxf6 9. Bxc4 Be7 10. 0-0 0-0 11. Rc1 Rd8 12. Qc2 Qc7 13. Nf3 c5 14. Be2 cxd4 15. Nxd4 b6 16. Rfd1 Bb7 17. Ncb5 Qxc2 18. Rxc2 Bc5 19. Rcc1 Bxd4 20. Nxd4 Rac8 21. Nb5 Ba6 22. Rxc8 Rxc8 23. Nc3 Bxe2 24. Nxe2 Kf8 25. Rc1 Rxc1+ 26. Nxc1 Ke7 27. Nd3 Kd6 28. Kf1 Kd5 29. b3 Ne4 30. Ke1 Nc3 31. a4 Ne4 32. f3 Nc5 33. Nxc5 Kxc5 34. Kd2 Kb4 35. Kc2 f5 36. f4 1/2-1/2

[Event "AUT-ch U16/18 Girls"]
[Site "Tschagguns"]
[Date "2006.04.11"]
[Round "5.4"]
[White "Mayer, Michaela"]
[Black "Kainz, Andrea"]
[Result "1/2-1/2"]
[WhiteElo "1618"]
[BlackElo "1595"]
[PlyCount "47"]
[EventDate "2006.04.09"]
[EventType "swiss"]
[EventRounds "7"]
[EventCountry "AUT"]
[SourceTitle "EXT 2024"]
[Source "ChessBase"]
[SourceDate "2023.10.10"]
[SourceVersion "1"]
[SourceVersionDate "2023.10.10"]
[SourceQuality "1"]

1. d4 d5 2. c4 e6 3. Nc3 Nf6 4. Bg5 c6 5. Nf3 Nbd7 6. e3 Qa5 7. Bxf6 Nxf6 8. Nd2 Be7 9. a3 dxc4 10. Bxc4 0-0 11. 0-0 Rd8 12. Qe2 a6 13. Nf3 c5 14. dxc5 Qxc5 15. Rfd1 Bd7 16. Rac1 Qc7 17. Bb3 Bc6 18. Nd4 Rac8 19. Nxc6 Qxc6 20. Rxd8+ Rxd8 21. Rd1 Rxd1+ 22. Qxd1 Qd6 23. Qxd6 Bxd6 24. h3 1/2-1/2